| 000 | 00566nam a22001577a 4500 | ||
|---|---|---|---|
| 003 | OSt | ||
| 005 | 20160106151711.0 | ||
| 008 | 160106b xxu||||| |||| 00| 0 eng d | ||
| 040 | _cRUA | ||
| 082 | _aLMA DAM 2011 B310 Or.1 | ||
| 100 |
_96148 _aDAM, SOTHA. |
||
| 245 | _aStudy on the process of land banking establishment in Cambodia, សិក្សាអំពីដំណើរការនៃការបង្កើតធនាគារដីនៅកម្ពុជា | ||
| 260 |
_aPhnopm Penh _bRUA _c2011 |
||
| 300 |
_axii; 55p. _bill. _c29cm. |
||
| 942 |
_2ddc _cLMA |
||
| 999 |
_c5727 _d5727 |
||